Olsztyn - prawda czy fałsz? - Statystyki

Ogólne statystyki
  • Ten quiz został rozwiązany 223 razy
    98 od ostatniego zresetowania
  • Średni wynik to 12 z 15
Statystyki odpowiedzi
Zagadnienie Odpowiedź % Poprawnych
Olsztyn jest stolicą Warmińsko Mazurskiego Prawda
100%
Olsztyn leży nad Wisłą Fałsz
98%
W Olsztynie znajduje się planetarium Prawda
98%
W Olsztynie mieszka więcej ludzi niż w Krakowie Fałsz
97%
Znajduje się tutaj Park Narodowy Fałsz
92%
Kortowiada odbywa się w Olsztynie Prawda
92%
Allenstein to niemiecka nazwa Olsztyna Prawda
91%
Jezioro Śniardwy znajduje się w Olsztynie Fałsz
89%
W Olsztynie urodził się Mikołaj Kopernik Fałsz
88%
Zamek Kapituły Warmińskiej to najstarsza budowla w Olsztynie Prawda
78%
Olsztyn należał w trakcie rozbiorów do Rosji Fałsz
77%
Stomil Olsztyn jest w 2 drugiej lidze Fałsz
75%
w latach 1975-1999 Olsztyn znajdował się w największym województwie w Polsce Prawda
52%
Z Olsztyna jest bliżej do Warszawy niż do Torunia Fałsz
51%
W Olsztynie znajduje się kawałek ziemi z księżyca z pierwszej wyprawy na księżyc Prawda
51%
Nie znaleziono quizów pasujących do podanych kryteriów
Rozkład punktacji
Procent ludzi z każdym wynikiem
Percentyl według liczby udzielonych odpowiedzi
Twoja historia wyników
Nie rozwiązałeś tego quizu od ostatniego zresetowania